Statystyki dla Spikselizowana Mapa Świata

Kliknij tutaj aby rozwiązać quiz!

Ogólne statystyki

  • Ten quiz został rozwiązany 7,899 razy
  • Średni wynik to 979 z 1129

Statystyki odpowiedzi

Kraj % poprawnych
Rosja
99%
Stany Zjednoczone
99%
Polska
98%
Kanada
98%
Chiny
97%
Niemcy
96%
Brazylia
96%
Meksyk
95%
Francja
95%
Australia
95%
Dania
94%
Szwecja
94%
Norwegia
94%
Finlandia
93%
Argentyna
93%
Wielka Brytania
93%
Hiszpania
93%
Japonia
92%
Islandia
92%
Ukraina
91%
Wlochy
91%
Irlandia
91%
Indie
90%
Litwa
90%
Chile
90%
Bialorus
89%
Republika Poludniowej Afryki
88%
Egipt
88%
Holandia
87%
Turcja
87%
Kazachstan
86%
Madagaskar
84%
Mongolia
84%
Grecja
83%
Korea Poludniowa
82%
Korea Pólnocna
82%
Czechy
82%
Kolumbia
82%
Peru
81%
Nowa Zelandia
81%
Iran
81%
Arabia Saudyjska
80%
Austria
79%
Urugwaj
78%
Irak
78%
Maroko
77%
Rumunia
77%
Indonezja
76%
Wenezuela
76%
Algieria
75%
Boliwia
75%
Demokratyczna Republika Konga
73%
Wegry
72%
Paragwaj
71%
Niger
71%
Kongo
70%
Bulgaria
69%
Serbia
69%
Libia
68%
Pakistan
67%
Sudan
67%
Nigeria
66%
Oman
64%
Ekwador
64%
Tunezja
63%
Tajlandia
63%
Wietnam
63%
Afganistan
62%
Filipiny
61%
Uzbekistan
61%
Etiopia
61%
Jemen
60%
Czad
58%
Tadzykistan
57%
Turkmenistan
57%
Syria
55%
Papua-Nowa Gwinea
55%
Gujana
54%
Somalia
54%
Malezja
53%
Nepal
53%
Mali
52%
Kenia
51%
Kirgistan
50%
Laos
50%
Azerbejdzan
50%
Senegal
50%
Surinam
50%
Sudan Poludniowy
49%
Angola
47%
Wybrzeze Kosci Sloniowej
47%
Kambodza
47%
Gwinea
46%
Bangladesz
46%
Mjanma
45%
Mauretania
44%
Mozambik
43%
Gwatemala
43%
Zimbabwe
43%
Jordania
42%
Zambia
42%
Tanzania
41%
Nikaragua
40%
Ghana
38%
Erytrea
38%
Republika Środkowoafrykańska
38%
Namibia
37%
Uganda
37%
Kamerun
36%
Botswana
35%
Gabon
30%
Burkina Faso
26%
Sierra Leone
24%
Benin
23%

Rozkład punktacji

Percentyl według liczby udzielonych odpowiedzi

Procent ludzi z każdym wynikiem

Twoja historia wyników

Nie rozwiązałeś tego quizu